00824nam a22002297a 450000500170000001000110001702000100002803500110003803700160004904000120006508200130007710000260009024501370011626000430025327000130029630000280030965000460033765000470038394200220043099900190045295201230047120170124110245.0 a600531 c00.00 a600531 bCen Lib/Ret aDPLbEN a250bBUR aBurgess, James939631 aThe Buddhist stupas of Amaravati and Jaggayyapeta in the Krishna district, Madras presidency :cby James Burgessbsurveyed in 1882 / aVaranasibIndological Book Housec1970 bVaranasi a130p. :c26cm(Hb)bill. aAmaravati (India) -- Antiquities. 997005 aJaggayyapeta, India -- Antiquities.997006 2ddccENh250mBUR c135428d135428 001040718REFaLbLd2015-10-06eCen Lib/Retg0.00l0o250 BURp600531r2015-10-06 00:00:00t1v0.00w2015-10-06yEN